000
00413 a2200121 4500
000
nam a22 7a 4500
005
20260512152436.0
020
_a
9789382699316
100
_a
डॉ. डी .एन.प्रसाद
_9
1239177
245
_a
धर्मवीर भारती के उपन्यास निबंध और कहानियाँ
260
_b
Vikalp prakashan
_c
2024
942
_c
TEXL
999
_c
1851280
_d
1851280